Geography Quiz

Random Geography or World Quiz

4-Letter Countries by 2 Letters Quiz Stats

Quiz Updated May 16, 2013

Challenge
Share
Tweet
Embed
Score 0/10 Timer 01:00
1 Play Today
Random Letters Country % Correct
IQIraq
96.5%
INIran
84.5%
OMOman
76.2%
CHChad
75.8%
MLMali
72.4%
IJFiji
70.5%
UBCuba
69.7%
PUPeru
68%
OOTogo
56.3%
ASLaos
33.8%

You're not logged in!

Compare scores with friends on all Sporcle quizzes.
Sign Up with Email
OR
Log In

You Might Also Like...

Show Comments

Extras

Top Quizzes Today


Score Distribution

Your Account Isn't Verified!

In order to create a playlist on Sporcle, you need to verify the email address you used during registration. Go to your Sporcle Settings to finish the process.